Statistics for Cities that Beat Tokyo

Click here to take the quiz!

General Stats

  • This quiz has been taken 2,365 times
  • The average score is 14 of 15

Answer Stats

RankCategoryCities% Correct
8Most Metro Rail StationsShanghai, Guangzhou, Seoul, New York, Beijing, London, Paris
98%
5Most SkyscrapersHong Kong, New York, Dubai, Shanghai
96%
7Largest Urban Area in 1900London, New York, Paris, Berlin, Chicago, Vienna
96%
9Northernmost MegacityMoscow, London, Paris, Istanbul, New York, Beijing, Tianjin, Seoul
96%
5Busiest AirportsAtlanta, Beijing, Dubai, Los Angeles
95%
3Closest Capital City to SeoulPyongyang, Beijing
95%
7Capital with the Most TouristsBangkok, London, Singapore, Paris, Kuala Lumpur, Delhi
94%
7Most Foreign EmbassiesBrussels, Washington, London, Beijing, Berlin, Paris
93%
4 (t)Most Olympics HostedLondon, Innsbruck, Los Angeles, Paris
93%
7Easternmost 1M CityAuckland, Brisbane, Sydney, Melbourne, Sapporo, Sendai
89%
4Busiest Air Route from the U.S.London, Toronto, Cancun
89%
3Highest Ranking Global CitiesLondon, New York
88%
6Asian Capital Furthest from AnotherDili, Bandar Seri Begawan, Ulaanbaatar, Manila, Taipei
86%
2Largest Urban Area PopulationGuangzhou
82%
2Most Expensive Asian CityHong Kong
66%

Score Distribution

Percentile by Number Answered

Percent of People with Each Score

Your Score History

You have not taken this quiz